Normal view
MARC view
- Charles J. Hitch , Roland N. McKean
Entry Personal Name
001 - CONTROL NUMBER
- control field: 54551
003 - CONTROL NUMBER IDENTIFIER
- control field: NUST
005 - DATE AND TIME OF LATEST TRANSACTION
- control field: 20210421120004.0
008 - FIXED-LENGTH DATA ELEMENTS
- fixed length control field: 210421|| aca||aabn | a|a d
040 ## - CATALOGING SOURCE
- Original cataloging agency: NUST
- Transcribing agency: NUST
100 ## - HEADING--PERSONAL NAME
- Personal name: Charles J. Hitch , Roland N. McKean
670 ## - SOURCE DATA FOUND
- Source citation: Work cat.: (NUST): Charles J. Hitch , Roland N. McKean, The Economics of Defense in the Nuclear Age
